Tác giả trong nhà trường : Ngô Tất Tố

में बचाया:
ग्रंथसूची विवरण
स्वरूप: पुस्तक
भाषा:Undetermined
प्रकाशित: Hà Nội Văn Học 2006
विषय:
टैग : टैग जोड़ें
कोई टैग नहीं, इस रिकॉर्ड को टैग करने वाले पहले व्यक्ति बनें!
Thư viện lưu trữ: Trung tâm Học liệu Trường Đại học Cần Thơ
LEADER 00554nam a2200193Ia 4500
001 CTU_112359
008 210402s9999 xx 000 0 und d
020 |c 25000 
082 |a 895.922309 
082 |b T101 
245 0 |a Tác giả trong nhà trường : 
245 0 |b Ngô Tất Tố 
260 |a Hà Nội 
260 |b Văn Học 
260 |c 2006 
650 |a Vietnamese fiction,Vietnamese literature 
650 |x 20th century,History and criticism 
904 |i Minh 
980 |a Trung tâm Học liệu Trường Đại học Cần Thơ